Southville International School and Colleges
Your cart is empty.
  • Cart
  • Lists
    Public lists Eva Luna New books Lux_list list_1
    Your lists Log in to create your own lists
  • Log in to your account
  • Your cookies
  • Search history
Southville International School and Colleges
  • Advanced search
  • Recent comments
  • Most popular
  • Libraries

Log in to your account

Log in with GOOGLE


If you do not have an external account, but do have a local account, you can still log in:

  1. Home
  2. MARC view: Interpersonal skills in organizations /
Normal view MARC view ISBD view

Interpersonal skills in organizations / (Record no. 290849)

[ view plain ]
MARC details
000 -LEADER
fixed length control field 00666nam a2200241Ia 4500
008 - FIXED-LENGTH DATA ELEMENTS--GENERAL INFORMATION
fixed length control field 160216s9999 xx 000 0 und d
020 ## - INTERNATIONAL STANDARD BOOK NUMBER
International Standard Book Number 007-124435-2
050 ## - LIBRARY OF CONGRESS CALL NUMBER
Classification number MAIN HD 58.7
050 ## - LIBRARY OF CONGRESS CALL NUMBER
Item number .D45 2006
100 ## - MAIN ENTRY--PERSONAL NAME
Personal name De Janasz, Suzanne C.
245 ## - TITLE STATEMENT
Title Interpersonal skills in organizations /
245 ## - TITLE STATEMENT
Statement of responsibility, etc Suzanne C. De Janasz, Karen O. Dowd, Beth Z. Schneider.
260 ## - PUBLICATION, DISTRIBUTION, ETC. (IMPRINT)
Place of publication, distribution, etc New York :
260 ## - PUBLICATION, DISTRIBUTION, ETC. (IMPRINT)
Name of publisher, distributor, etc McGraw-Hill.
260 ## - PUBLICATION, DISTRIBUTION, ETC. (IMPRINT)
Date of publication, distribution, etc 2006
300 ## - PHYSICAL DESCRIPTION
Extent 394 pages ;
300 ## - PHYSICAL DESCRIPTION
Other physical details ill. ;
300 ## - PHYSICAL DESCRIPTION
Dimensions 28 cm.
500 ## - GENERAL NOTE
General note Includes index.
650 ## - SUBJECT ADDED ENTRY--TOPICAL TERM
Topical term or geographic name as entry element nterpersonal relations.
650 ## - SUBJECT ADDED ENTRY--TOPICAL TERM
Topical term or geographic name as entry element Organizational behavior.
650 ## - SUBJECT ADDED ENTRY--TOPICAL TERM
Topical term or geographic name as entry element Psychology, Industrial.
Holdings
Withdrawn status Lost status Damaged status Home library Current library Shelving location Date acquired Cost, normal purchase price Total Checkouts Full call number Barcode Date last seen Price effective from Koha item type
      South Mansfield College South Mansfield College Reserve Section   1.00   MAIN HD 58.7 .D45 2006 SMC03403 02/16/2016 02/16/2016  

Interpersonal skills in organizations /

APA

De Janasz S. C., .Interpersonal skills in organizations. New York: .

Chicago

De Janasz Suzanne C, .Interpersonal skills in organizations. New York: .

Harvard

De Janasz S. C., .Interpersonal skills in organizations. New York: .

MLA

De Janasz Suzanne C, .New York: . .

  • Place hold
  • Print
  • Cite
  • Add to your cart (remove)
  • Save record
    BIBTEX Dublin Core MARCXML MARC (non-Unicode/MARC-8) MARC (Unicode/UTF-8) MARC (Unicode/UTF-8, Standard) MODS (XML) RIS
  • More searches
    Search for this title in:
    Other Libraries (WorldCat) Other Databases (Google Scholar) Online Stores (Bookfinder.com) Open Library (openlibrary.org)

Exporting to Dublin Core...

SOUTHVILLE LIBRARY

Southville International School and Colleges Library

1281 Tropical Ave. Cor. Luxembourg St., BF Homes International, Las Pinas City

Tel. No. 8256374 / 252358 Loc. 117/146

Powered by Koha